Dohoda ČSSZ a SFDP o preberaní príslušnosti na výplatu dávok dôchodkového zabezpečenia Vestník Národnej poisťovne
Úplné znenie Dohody medzi Českou správou sociálneho zabezpečenia a Správou Fondu dôchodkového poistenia SR v otázke preberania príslušnosti na výplatu dávok dôchodkového zabezpečenia.
Guardado en:
| Formato: | Capítulo de libro |
|---|---|
| Lenguaje: | eslovaco |
| Materias: | |
| Etiquetas: |
Sin Etiquetas, Sea el primero en etiquetar este registro!
|
MARC
| LEADER | 00000naa a2200000 4500 | ||
|---|---|---|---|
| 001 | r024485 | ||
| 005 | 20221213113827.1 | ||
| 041 | 0 | |a slo | |
| 044 | |a SK | ||
| 245 | 1 | 0 | |a Dohoda ČSSZ a SFDP o preberaní príslušnosti na výplatu dávok dôchodkového zabezpečenia |b Vestník Národnej poisťovne |
| 520 | |a Úplné znenie Dohody medzi Českou správou sociálneho zabezpečenia a Správou Fondu dôchodkového poistenia SR v otázke preberania príslušnosti na výplatu dávok dôchodkového zabezpečenia. | ||
| 610 | 2 | 0 | |a Česko |
| 610 | 2 | 0 | |a Slovensko |
| 610 | 2 | 0 | |a dohody |
| 610 | 2 | 0 | |a zabezpečenie sociálne |
| 610 | 2 | 0 | |a dôchodky |
| 610 | 2 | 0 | |a 1993 |
| 610 | 2 | 0 | |a Česká správa dôchodkového zabezpečenia Praha |
| 610 | 2 | 0 | |a Správa Fondu dôchodkového poistenia Bratislava |